00656 2200205 4500001002100000008004100021035002000062245014400082100002700226250001000253260003600263300002500299020002200324084001600346520003000362082001000392650002600402990001100428990001100439INLIS000000000015450 ind  a0010-1222000529 aKesehatan Reproduksi dan Pernikahan DinibBerbagai dampak Kesehatan Fisik dan Mental Pernikahan DinicRose Kusumaning Ratri; editor, Maarif aROSE, Kusumaning Ratri acet.1 aYogyakarta :bSalma Idea,c2022 avii, 123 hal.c21 cm a978-623-7812-74-6 a613.9 ROS k aBibliografi : hal.121-123 a613.9 aKESEHATAN. REPRODUKSI a9808 a a9808 b